000 00673nam a22001937a 4500
999 _c183244
_d183244
005 20211221144910.0
010 _aUR-10506
020 _c100.00
_a-
035 _aU-9061
037 _bDBAD/PUB
_a-
082 _a841
100 _aو ا حد ا نصا ری بر ہا ن پو ر ی
245 _aعکس غم
_cو ا حد ا نصا ری بر ہا ن پو ر ی
246 _bAks-e-Gham (Urdu)
_aby Wahid Ansari Burhan Puri
260 _aMadhya Pradesh
_bMurkaz Saqafat wa Tehqeeq
_c2020 ء
270 _aShah Bhikari Azad Nagar,BurhanPur
_bMadhya Pardesh
_e450331
_k9753418295
_l-
300 _a112 ص
_c22 Cm(Hb)
942 _2ddc
_cUR
_h841
_mا ن ص